00417nam a2200169Ia 4500003000400000005001700004008004100021020001500062050002500077100002000102245003600122260003500158300003300193440000600226521000700232526000800239OSt20140426083857.0140130s9999 xx 000 0 und d a0590062093 aPZ 7b.M35672Fs 1992 aMarshall, James cMarshall, JamesaFox Outfoxed / bScholastic,c1992.aNew York : a48 p. :bcol. ill. ;c23 cm. v1 aG1 c120